000 00275nam a22001217a 4500
008 170921b xxu||||| |||| 00| 0 eng d
041 _aeng
080 _a78
100 _a45
101 _aMUZ
245 _aTHE RODGERS ANT HART SONG BOOK
_cSIRMAY.A
942 _2udc
_cBK
999 _c28792
_d28792